000 01575nam a22004337a 4500
003 CHAP
005 20220617062538.0
008 971013s1980 mx r 00010 spa d
010 _a32414
011 _a33386
035 _a37501
040 _cCHAP
090 _aTesis
100 0 0 _aCruz Rock, José Luis de la.
_929568
245 1 0 _aAcumulación de capital y relaciones sociales de producción en el ingenio El Modelo
_c/por José Luis de la Cruz Rock
260 _aMéxico, D.F. :
_bEl autor,
_c1980
300 _a145 h.
500 _ac.4 en bodega
502 _aTesis (Lic. en Economía) -- UNAM. Fac. de Economía
590 _aALEPH
_b10
_c20130110
_lUCH01
_h1255
590 _aBATCH-UPD
_b10
_c20130110
_lUCH01
_h0200
590 _aBATCH-UPD
_b10
_c20130110
_lUCH01
_h1612
590 _aBATCH-UPD
_b10
_c20130409
_lUCH01
_h2207
590 _aBATCH-UPD
_b10
_c20130410
_lUCH01
_h1007
590 _aBATCH-UPD
_b10
_c20130914
_lUCH01
_h0835
590 _aCONVERSION
_b10
_c20130109
_lUCH01
_h1318
650 1 4 _aCaña de azúcar
_xAspectos económicos.
_918577
650 1 4 _aCaña de azúcar
_xRendimiento.
_918643
650 1 4 _aCaña de azúcar
_xTrabajadores
_xVeracruz.
_918658
650 1 3 _aIndustria azucarera
_957780
650 1 4 _aIngenio El Modelo, Ver.
_958293
700 0 _aArguello Zepeda, Francisco José.
_97016
700 0 _aSánchez Martínez, Antonio.
_9107676
901 _aBK
942 _cFOLL
949 _bBC
_cTES
_d-85996
_eTS1
_i37501
_si
949 _bBC
_cTES
_d-85997
_eTS2
_fc.2
_i37501
_si
949 _bBC
_cTES
_d33724002064108
_eTS2
_fc.3
_h17984
_i37501
_si
999 _c32414
_d32414